00346nam a2200133Ia 45000010005000000080041000050200022000460820017000681000019000852450043001042600023001479010027001709990015001973316241024s9999 xx 000 0 und d a978-9945-449-27-3 aRD/128/G934c aCelio Guerrero 0aCuando las mujeres conquistan el Reino bLeo Antillasc2010 a8/10/2013 3:31:40 p.m. c9950d9950